Problematika výmenného kurzu príklad Mexika

Bibliographic Details
Main Author: Ševčovič, Peter, 1935-2006 (Author)
Format: Article
Language:Slovak
PhysicalDescription:Grafy
ISSN:1335-0900
Subjects:

MARC

LEADER 00000nab a2200000 a 4500
001 vtls000651283
003 SK-MaSNL
005 20260304093933.0
008 250425c1998 xo 0 slo
015 |a SNBRA1998/02-04504 
035 |a CLN000003477 
035 |a urn:nbn:sk:snk-ab25tj 
035 |a (urnnbn)urn:nbn:sk:snk:ar-a01pt6 
035 |a (uuid)38d49497-de9f-4171-ad67-a1544a21c33e 
040 |a SNKBUCL  |b slo  |c SNKBUCL  |e AACR2 
041 0 |a slo 
044 |a xo  |c SK 
080 |a 336.748(72)  |2 1997 
100 1 |a Ševčovič, Peter,  |d 1935-2006  |4 aut  |9 101559 
245 1 0 |a Problematika výmenného kurzu  |b príklad Mexika  |c Peter Ševčovic 
300 |b Grafy 
504 |a Bibliogr. odkazy 
650 0 7 |a mena mexická  |x kurz menový  |2 snkbucl  |9 1389713 
650 0 7 |a devízové kurzy  |2 snkbucl  |9 2129 
655 7 |a články z novín a časopisov  |2 snkbucl  |2 snkbucl  |9 267496 
773 0 |t Biatec  |g Roč. 6, č. 2 (1998), s. 13-18  |x 1335-0900 
850 |a Slovenská národná knižnica 
852 |a Slovenská národná knižnica 
954 |a odborná, vedecká literatúra pôvodná (slovenská)  |2 lita 
958 |a article2022 
958 |a MX 
958 |a NB 
958 |a OND 
958 |a EUIPO 
992 |a RBX 
999 |c 2825065  |d 2826995